Quetzalcóatl y Guadalupe: la formación de la conciencia nacional en México
Bewaard in:
| Hoofdauteur: | |
|---|---|
| Formaat: | Boek |
| Taal: | Spaans |
| Gepubliceerd in: |
Ciudad de México
Fondo de Cultura Económica
1977
|
| Reeks: | Sección de Obras de Historia
|
| Onderwerpen: | |
| Tags: |
Voeg label toe
Geen labels, Wees de eerste die dit record labelt!
|
MARC
| LEADER | 00000nam a2200000 a 4500 | ||
|---|---|---|---|
| 001 | UCO0727 | ||
| 003 | CL-VaPUC | ||
| 008 | 000428e19770000MX |||||||||||||||||spa|d | ||
| 082 | 0 | 4 | |a 972 |b LAF |2 21 |
| 100 | 0 | |a Lafaye, Jacques |e author |9 245682 | |
| 245 | 1 | 0 | |a Quetzalcóatl y Guadalupe: la formación de la conciencia nacional en México |
| 300 | |a 483 p | ||
| 942 | |c BK | ||
| 945 | |d 20000428 00:00:00 |a crobeson | ||
| 260 | |a Ciudad de México |b Fondo de Cultura Económica |c 1977 | ||
| 600 | 0 | 7 | |a QUETZALCOATL |2 CL-VaPUC |9 442166 |
| 600 | 0 | 7 | |a VIRGEN DE GUADALUPE |2 CL-VaPUC |9 345309 |
| 650 | 7 | |a HISTORIA MEXICANA |2 CL-VaPUC |9 333909 | |
| 650 | 0 | |a Conquista |9 339504 | |
| 650 | 7 | |a COLONIA |2 CL-VaPUC |9 442167 | |
| 650 | 0 | |a Independencia |9 344246 | |
| 650 | 0 | |a Indígenas |9 317064 | |
| 651 | 0 | |a México |9 255269 | |
| 583 | |a last modification |c 20000428 00:00:00 |k Rodrigo Vera | ||
| 490 | 0 | |a Sección de Obras de Historia | |
| 999 | |c 287375 |d 287373 | ||
| 952 | |0 0 |1 0 |4 0 |6 972_000000000000000_LAF_1977 |7 0 |8 A |9 334212 |a BIBHIS |b BIBHIS |d 2019-11-20 |i 1272179 |l 4 |o 972 LAF 1977 |p 1272179 |r 2025-01-20 |s 2023-10-16 |w 2019-11-20 |y BK |k HIS | ||